01018cam a22002531 450000100100000000500170001000800410002704000290006808200210009710000530011824500870017125000110025826000720026930000210034150000400036265100240040265100510042665100540047765100550053191000330058604900090061995201190062899900170074700001917620200929165935.0790807s1961 cu 000 0 spa c aDO-SdBNPcKUdDLCdBNPHU a972.91063bR741c1 aRoig de Leuchsenring, Emilio,d1889-1964.94127810aCuba no debe su independencia a los Estados Unidos /cEmilio Roig de Leuchsenring. a4a ed. aHabana :bOficina del Historiador de la Ciudad de la Habana,c1961. a105 p. ;c20 cm. aIncluye bibliografía p.[101-104]. 4aCubaxHistoria9493 4aCubaxHistoriayREVOLUCIÓN, 1895-1898.93989 4aCubaxRelaciones ExterioreszEstados Unidos95938 4aEstados UnidosxRelaciones ExterioreszCuba916233 aCatalogación derivada / LC aBNGR 001050718MOaGRbGRcCTd2010-05-27iLF1l0o972.91063 R741cp19176-10r2020-06-25w2020-06-25y1ZNo se presta c18694d18694